Films avec des moustaches - Statistiques

Statistiques générales
  • Ce quiz a été pris 30 fois
  • Le résultat moyen est 10 sur 16
Statistiques - réponses
Par images Réponse % Correct
Le Parrain
97%
Le père Noël est une ordure
97%
Les Aristochats
97%
Robin des bois
93%
Les bronzés font du ski
90%
Le Dictateur
86%
The Artist
86%
Hook ou la Revanche du capitaine Crochet
72%
Star Wars
62%
La Chute
41%
Autant en emporte le vent
38%
Manon des sources
38%
Kill Bill
28%
Machete
28%
Gangs of New York
21%
Une nuit à l'opéra
7%
Aucun quiz correspondant
Distribution des résultats
% des personnes avec chaque résultat
Percentile par nombre de réponses
Votre historique - résultats
Vous n’avez pas pris ce quiz